| 000 | 00424cam a2200157ua 4500 | ||
|---|---|---|---|
| 041 |
_amal _h |
||
| 082 |
_a894.8122 _bSIV/TH |
||
| 100 | _aSivasankara Pillai, Thakazhi. | ||
| 245 |
_aThottilla / _cThakazhi Sivasankara pillai. _hTextual Documents |
||
| 250 |
_a1 / _b. |
||
| 260 |
_aKottayam : _bSahitya Pravarthaka Co-operative Society , _c1956. |
||
| 300 | _a60 ; . | ||
| 504 | _a | ||
| 942 | _cBK | ||
| 999 |
_c11524 _d11524 |
||